01471nam a2200229 i 4500003000900000005001700009007000300026008004100029020001800070040003000088082001800118100004500136245004300181264003400224300002600258336002700284337003300311338002800344500005800372520075900430710005201189DO-SdBNP20250404103612.0ta250404t2024 dr 00| ||spa d z9789945484717 aDO-SdBNPbspacBNPHUerda axxxbR7882221 aRosa, Nicanor de la,d1951-eautor4aut.10aFrente a la vida /cNicanor de la Rosa aSanto Domingo :bFLAM,c2024. a102 páginasc23 cm. atextobtxt2rdacontent asin mediaciónbn2rdamedia avolumenbnc2rdacarrier aIncluye datos biográficos del autor en las solapas. a«Frente a la vida» es un reflejo de la cotidianidad con que el hombre rural percibe hechos predestinados que, aunque insólitos, siempre son un reflejo de sus propias emociones y deseos, lo que nos lleva a pensar que la vorágine urbana en la que eventualmente pasa a vivir este mismo hombre es simplemente una extensión de lo que dejó atrás y anhela recuperar. Esta compilación de 20 cuentos del escritor Nicanor de la Rosa está cargada de emociones, presentando personajes cuyas vidas están marcadas por una repetición de muertes físicas, morales y sentimentales. En sus sueños, estos personajes ven cómo se va sepultando aquello que los hace humanos, aceptando que no vale la pena regresar, y así se pierden en su existencia. aFundación Literaria Aníbal Montaño (FLAM)